000 00347nam a2200145Ia 4500
100 _aJain/M.K/ Iyengar/S.R.K
942 _cBK
366 _f15
654 _aNumerical
245 _aNumerical methods:Problems and solutions
260 _bNew Age Int (P) Ltd
_aNew Delhi
_c2004
082 _a515/JAI
_bJAI
300 _a421
546 _aENGLISH
999 _c28546
_d28546